000 00311nam a22001337a 4500
008 170529b xxu||||| |||| 00| 0 eng d
020 _a087371122X
041 _aeng
080 _a331.103
100 _a27
101 _aIM
245 _aCOMPUTER CONTROL IN THE PROCESS INDUSTRIES
_cROFFEL, B
942 _2udc
_cBK
999 _c14793
_d14793